The life of Lord Curzon, (Record no. 553232)
[ view plain ]
| 000 -LEADER | |
|---|---|
| fixed length control field | 00609cam a2200145I 4500 |
| 082 ## - DEWEY DECIMAL CLASSIFICATION NUMBER | |
| Classification number | 923.154 |
| Author Mark | RON |
| 100 1# - MAIN ENTRY--PERSONAL NAME | |
| Personal name | Zetland, Lawrence John Lumley Dundas, |
| 9 (RLIN) | 50433 |
| 245 14 - TITLE STATEMENT | |
| Title | The life of Lord Curzon, |
| Remainder of title | being the authorized biography of George Nathaniel, marquess Curzon of Kedleston, K.G., |
| Statement of responsibility, etc. | by the Rt. Hon. the Earl of Ronaldshay. |
| 260 ## - PUBLICATION, DISTRIBUTION, ETC. | |
| Place of publication, distribution, etc. | London, |
| Name of publisher, distributor, etc. | E. Benn, ltd., |
| Date of publication, distribution, etc. | 1928. |
| 300 ## - PHYSICAL DESCRIPTION | |
| Extent | 3 v. |
| Other physical details | fronts. (1 col.) plates, ports. |
| Dimensions | 25 cm. |
| 500 ## - GENERAL NOTE | |
| General note | Vol. 1: "First published March 1928. Second impression March 1928." |
| 526 ## - STUDY PROGRAM INFORMATION NOTE | |
| Program name | 0 |
| Interest level | 0 |
| Reading level | 0 |
| Title point value | 923_154000000000000_RON |
| 650 ## - SUBJECT ADDED ENTRY--TOPICAL TERM | |
| Topical term or geographic name entry element | MCE |
| 9 (RLIN) | 379 |
| 942 ## - ADDED ENTRY ELEMENTS (KOHA) | |
| Source of classification or shelving scheme | |
| Koha item type | Book |
| Withdrawn status | Lost status | Source of classification or shelving scheme | Damaged status | Not for loan | Permanent Location | Current Location | Shelving location | Date acquired | Total Checkouts | Full call number | Barcode | Date last seen | Price effective from | Koha item type |
|---|---|---|---|---|---|---|---|---|---|---|---|---|---|---|
| Military College of Engineering (MCE) | Military College of Engineering (MCE) | 02/02/2015 | 923.154 RON | MCE-ECL/67 | 02/02/2015 | 02/02/2015 | Book |
